[Event "29. Friedensfest-Open (AFRO-A)"]
[Site "Augsburg"]
[Date "2024.08.09"]
[Round "4.32"]
[White "Koppen, Harald"]
[Black "Khamenya, Vitalia"]
[Result "1-0"]
[WhiteElo "1995"]
[BlackElo "1901"]
[EventDate "2024.08.08"]
[Time "15:30:00"]
[WhiteNrv "1995"]
[BlackNrv "1901"]
[WhiteTwz "1995"]
[BlackTwz "1901"]
[WhiteFideId "12946982"]
[BlackFideId "12959260"]
[WhiteNatFedId "10271200"]
[BlackNatFedId "10271198"]
[WhiteAttr "M"]
[BlackAttr "W"]
[WhiteTeam "TUS Holzkirchen"]
[BlackTeam "SK Graefelfing"]
[PlyCount "0"]

1.e4 g6 2.d4 Bg7 3.Nc3 d6 4.Be3 Nf6 5.f3 a6 6.Qd2 Nbd7 7.O-O-O Nb6 8.Bh6 
O-O 9.h4 Nh5 10.Bxg7 Kxg7 11.Qf2 Bd7 12.g4 Nf6 13.h5 Bb5 14.e5 Nfd7 15.Qe3
Rh8 16.h6+ Kf8 17.f4 Bxf1 18.Rxf1 f6 19.e6 Nc4 20.Qd3 Ndb6 21.b3 Na5 22.
Nf3 Qc8 23.f5 g5 24.Ne4 Nd5 25.c4 Nf4 26.Qd2 Nc6 27.Nfxg5 fxg5 28.Nxg5 
Nxd4 29.Rxf4 c5 30.Rxd4 cxd4 31.Qxd4 Rg8 32.Nxh7+ Ke8 33.Qg7 1-0

[Event "29. Friedensfest-Open (AFRO-A)"]
[Site "Augsburg"]
[Date "2024.08.09"]
[Round "4.33"]
[White "Kelembet, Maksym"]
[Black "Li, Yunqi"]
[Result "0-1"]
[WhiteElo "1864"]
[BlackElo "1975"]
[EventDate "2024.08.08"]
[Time "15:30:00"]
[WhiteNrv "1864"]
[BlackNrv "1975"]
[WhiteTwz "1864"]
[BlackTwz "1975"]
[WhiteFideId "34684735"]
[BlackFideId "34610618"]
[WhiteNatFedId "10828571"]
[BlackNatFedId "10754717"]
[WhiteAttr "M"]
[BlackAttr "M"]
[WhiteTeam "SV Jedesheim 1921"]
[BlackTeam "SF 59 Kornwestheim"]
[PlyCount "0"]

1.Nf3 Nf6 2.d4 e6 3.c4 Bb4+ 4.Bd2 a5 5.a3 Bxd2+ 6.Qxd2 d6 7.Nc3 Nbd7 8.g3 
O-O 9.Bg2 e5 10.O-O Qe7 11.Qc2 Rd8 12.Rfd1 Rb8 13.Rab1 b6 14.b4 axb4 15.
axb4 Bb7 16.d5 Ra8 17.e4 Ba6 18.Nd2 Qe8 19.Ra1 Nf8 20.Ra3 Ng6 21.Rda1 Bb7 
22.Ra7 Rdb8 23.R1a3 Ne7 24.Qa2 Rxa7 25.Rxa7 Qc8 26.Qa3 h6 27.c5 Qd8 28.c6 
Bc8 29.Nb5 Ne8 30.Ra8 Bg4 31.Rxb8 Qxb8 32.f3 Bh5 33.Bh3 Kf8 34.Qa6 f5 35.
Qb7 Qd8 36.g4 fxg4 37.fxg4 Bg6 38.g5 Nxd5 39.exd5 Qxg5+ 40.Bg2 Qxd2 41.h3 
Qe3+ 42.Kh1 Be4 0-1

[Event "29. Friedensfest-Open (AFRO-A)"]
[Site "Augsburg"]
[Date "2024.08.09"]
[Round "4.34"]
[White "Schindler, Alexander"]
[Black "Yaroshenko, Yaroslav"]
[Result "1-0"]
[WhiteElo "1956"]
[BlackElo "1899"]
[EventDate "2024.08.08"]
[Time "15:30:00"]
[WhiteNrv "1956"]
[BlackNrv "1899"]
[WhiteTwz "1956"]
[BlackTwz "1899"]
[WhiteFideId "16248295"]
[BlackFideId "16204905"]
[WhiteNatFedId "10270604"]
[BlackNatFedId "10277356"]
[WhiteAttr "M"]
[BlackAttr "M"]
[WhiteTeam "SF Augsburg"]
[BlackTeam "SK Graefelfing"]
[PlyCount "0"]

1.e4 g6 2.d4 Bg7 3.Nc3 d6 4.Be3 a6 5.f4 b5 6.Bd3 Bb7 7.Nf3 Nf6 8.e5 Nd5 9.
Nxd5 Bxd5 10.O-O O-O 11.a4 b4 12.c4 bxc3 13.bxc3 c5 14.dxc5 dxe5 15.Nxe5 
Nc6 16.Nxc6 Bxc6 17.Ra3 Qa5 18.Qc2 Rab8 19.f5 Rb7 20.fxg6 hxg6 21.Bc4 e6 
22.Bd4 Rfb8 23.Ra2 Bd5 24.Bxd5 exd5 25.Qf2 Qd8 26.a5 Qg5 27.h4 Qh6 28.Qg3 
Bxd4+ 29.cxd4 Rb3 30.Qf4 Qxf4 31.Rxf4 R8b4 32.Rf6 Rxd4 33.Rxa6 Rxh4 34.
Ra8+ Kg7 35.a6 Rf4 36.a7 Rb1+ 37.Kh2 Rh4+ 38.Kg3 g5 39.Rb8 Rf1 40.a8=Q 1-0

[Event "29. Friedensfest-Open (AFRO-A)"]
[Site "Augsburg"]
[Date "2024.08.09"]
[Round "4.35"]
[White "Elsinga, Brian"]
[Black "Iberl, Michael"]
[Result "0-1"]
[WhiteElo "1811"]
[BlackElo "1953"]
[EventDate "2024.08.08"]
[Time "15:30:00"]
[WhiteNrv "1811"]
[BlackNrv "1953"]
[WhiteTwz "1811"]
[BlackTwz "1953"]
[WhiteFideId "1089439"]
[BlackFideId "4644085"]
[BlackNatFedId "10091886"]
[WhiteAttr "M"]
[BlackAttr "M"]
[WhiteTeam "?"]
[BlackTeam "SF Dachau 1932 e.V."]
[PlyCount "0"]

1.c4 c6 2.g3 d5 3.Bg2 Nf6 4.Nf3 Bf5 5.cxd5 cxd5 6.Qb3 Qc7 7.Nc3 e6 8.O-O 
Be7 9.d3 Nbd7 10.Nh4 Bg4 11.h3 Bh5 12.Be3 Nc5 13.Bxc5 Bxc5 14.Qa4+ Qd7 15.
Qxd7+ Kxd7 16.Rfc1 Rac8 17.g4 Bg6 18.Rc2 Rc7 19.Rac1 Rhc8 20.Nxg6 hxg6 21.
e3 Bd6 22.d4 b5 23.a3 a5 24.g5 Ne8 25.e4 b4 26.axb4 axb4 27.exd5 bxc3 28.
dxe6+ fxe6 29.Rxc3 Rxc3 30.Rxc3 Bf4 31.Rxc8 Kxc8 32.h4 Nd6 33.Bh3 Nf5 34.
h5 Nxd4 35.hxg6 Kd7 36.Bf1 Bxg5 37.Kg2 Bd2 38.f3 Ke7 39.Bd3 Kf6 40.Kf2 e5 
41.Kg3 Kg5 42.Kf2 Nf5 43.Ke2 Bb4 44.Bc2 Nd4+ 0-1

[Event "29. Friedensfest-Open (AFRO-A)"]
[Site "Augsburg"]
[Date "2024.08.09"]
[Round "4.36"]
[White "Nezosi, Constantin"]
[Black "Dauer, Maximilian"]
[Result "1/2-1/2"]
[WhiteElo "1738"]
[BlackElo "1948"]
[EventDate "2024.08.08"]
[Time "15:30:00"]
[WhiteNrv "1738"]
[BlackNrv "1948"]
[WhiteTwz "1738"]
[BlackTwz "1948"]
[WhiteFideId "36066974"]
[BlackFideId "1270802"]
[BlackNatFedId "10033526"]
[WhiteAttr "M"]
[BlackAttr "M"]
[WhiteTeam "Vandeuvre Échecs"]
[BlackTeam "Spgem Koetz/Ichenhausen"]
[PlyCount "0"]

1.d4 d5 2.c4 c6 3.Nf3 Nf6 4.cxd5 cxd5 5.Nc3 Nc6 6.g3 g6 7.Bg2 Bg7 8.O-O 
O-O 9.a3 a6 10.Re1 b5 11.Ne5 Bb7 12.e4 Nxe5 13.dxe5 Nxe4 14.Nxe4 dxe4 15.
Bf4 Qxd1 16.Raxd1 Rad8 17.Rxd8 Rxd8 18.Bxe4 Bxe4 19.Rxe4 e6 20.Be3 Rd5 21.
Bd4 Kf8 22.Kf1 Ke7 23.Ke2 Kd7 24.Bc3 Kc6 25.f4 Bf8 26.b4 h5 27.h3 Be7 28.
g4 hxg4 29.hxg4 Bd8 30.Re3 Bb6 31.Rh3 Bd4 32.Bxd4 Rxd4 33.Ke3 Rc4 34.Rh7 
Rc3+ 35.Kd2 Rxa3 36.Rxf7 Rb3 37.Ra7 Rxb4 38.Rxa6+ Kd5 39.Rd6+ Ke4 40.Rxe6 
Kxf4 41.Rxg6 Kxe5 42.Kc3 Rb1 43.Rb6 Rg1 44.Rxb5+ 1/2-1/2

[Event "29. Friedensfest-Open (AFRO-A)"]
[Site "Augsburg"]
[Date "2024.08.09"]
[Round "4.37"]
[White "Kuhn, Hubert"]
[Black "Boehm, Bruno"]
[Result "1/2-1/2"]
[WhiteElo "1946"]
[BlackElo "1866"]
[EventDate "2024.08.08"]
[Time "15:30:00"]
[WhiteNrv "1946"]
[BlackNrv "1866"]
[WhiteTwz "1946"]
[BlackTwz "1866"]
[WhiteFideId "16216385"]
[BlackFideId "4699238"]
[WhiteNatFedId "10120594"]
[BlackNatFedId "10019158"]
[WhiteAttr "M"]
[BlackAttr "M"]
[WhiteTeam "MSA Zugzwang 82 e.V."]
[BlackTeam "SK Freising"]
[PlyCount "0"]

1.d4 d5 2.Nf3 c5 3.c3 Nc6 4.dxc5 e5 5.b4 e4 6.Nd4 Ne5 7.e3 a5 8.a4 Bd7 9.
Be2 b6 10.cxb6 Qxb6 11.b5 Nf6 12.O-O h5 13.f4 exf3 1/2-1/2

[Event "29. Friedensfest-Open (AFRO-A)"]
[Site "Augsburg"]
[Date "2024.08.09"]
[Round "4.38"]
[White "Hahn, Christoph"]
[Black "Nagy, Peter"]
[Result "1/2-1/2"]
[WhiteElo "2135"]
[BlackElo "1814"]
[EventDate "2024.08.08"]
[Time "15:30:00"]
[WhiteNrv "2135"]
[BlackNrv "1814"]
[WhiteTwz "2135"]
[BlackTwz "1814"]
[WhiteFideId "24609854"]
[BlackFideId "34629211"]
[WhiteNatFedId "10072242"]
[BlackNatFedId "10793259"]
[WhiteAttr "M"]
[BlackAttr "M"]
[WhiteTeam "SK Kriegshaber"]
[BlackTeam "Rosenheimer-SV in der"]
[PlyCount "0"]

1.d4 c5 2.d5 Nf6 3.Nc3 e6 4.e4 d6 5.Nf3 exd5 6.exd5 Bg4 7.Be2 Bxf3 8.Bxf3 
Be7 9.O-O O-O 10.Bf4 a6 11.a4 Nbd7 12.Re1 Re8 13.a5 Qc7 14.Qd2 Bf8 15.Na4 
Rxe1+ 16.Rxe1 Re8 17.b3 Rxe1+ 18.Qxe1 Qd8 19.Nb2 Qe8 20.Qxe8 Nxe8 21.Bg4 
Ndf6 22.Bc8 Nxd5 23.Bd2 Nec7 24.Bxb7 Be7 25.Nc4 Kf8 26.Nb6 Nf6 27.c3 Nfe8 
28.Nd7+ Kg8 29.Nb8 Bd8 30.b4 Kf8 31.Nxa6 Nxa6 32.Bxa6 Ke7 33.Bc8 Bc7 34.a6
Bb6 35.b5 d5 36.Bf4 Nd6 37.Bxd6+ Kxd6 38.Kf1 c4 39.Ke2 Kc5 40.Bd7 d4 41.
cxd4+ Kxd4 1/2-1/2

[Event "29. Friedensfest-Open (AFRO-A)"]
[Site "Augsburg"]
[Date "2024.08.09"]
[Round "4.39"]
[White "Glaab, Nikolai"]
[Black "Erhardt, Daniel"]
[Result "1-0"]
[WhiteElo "1959"]
[BlackElo "1807"]
[EventDate "2024.08.08"]
[Time "15:30:00"]
[WhiteNrv "1959"]
[BlackNrv "1807"]
[WhiteTwz "1959"]
[BlackTwz "1807"]
[WhiteFideId "34614311"]
[BlackFideId "16249429"]
[WhiteNatFedId "10743024"]
[BlackNatFedId "10604919"]
[WhiteAttr "M"]
[BlackAttr "M"]
[WhiteTeam "SK Koenigsbrunn"]
[BlackTeam "SC Ostfildern 1952 e.V."]
[PlyCount "0"]

1.e4 c5 2.Nf3 Nc6 3.Bb5 g6 4.Bxc6 bxc6 5.d4 Bg7 6.dxc5 Qa5+ 7.Nbd2 Ba6 8.
Rb1 Qxa2 9.b4 Bb5 10.Rb3 h6 11.e5 Qa6 12.Ra3 Qc8 13.c4 Ba6 14.O-O f5 15.
Re1 e6 16.Bb2 Bb7 17.Nb3 Ne7 18.Qd6 Kf7 19.Rea1 Nd5 20.cxd5 cxd5 21.c6 
Bxc6 22.Qc5 a6 23.Nbd4 Qb7 24.Nxc6 dxc6 25.Bc3 Rhc8 26.h4 Ra7 27.Bd4 Raa8 
28.Qc3 Bf8 29.Bc5 Rcb8 30.Bxf8 Rxf8 31.Nd4 Rfc8 32.Nb3 Rcb8 33.Ra4 Qc8 34.
Nc5 Rb6 35.Qe3 Qb8 1-0

[Event "29. Friedensfest-Open (AFRO-A)"]
[Site "Augsburg"]
[Date "2024.08.09"]
[Round "4.40"]
[White "Bilous, Danylo"]
[Black "Pellegrini, Noah"]
[Result "1/2-1/2"]
[WhiteElo "1797"]
[BlackElo "1919"]
[EventDate "2024.08.08"]
[Time "15:30:00"]
[WhiteNrv "1797"]
[BlackNrv "1919"]
[WhiteTwz "1797"]
[BlackTwz "1919"]
[WhiteFideId "34130004"]
[BlackFideId "1354094"]
[WhiteNatFedId "10754362"]
[WhiteAttr "M"]
[BlackAttr "M"]
[WhiteTeam "SG Buechenbach/Roth e.V."]
[BlackTeam "?"]
[PlyCount "0"]

1.d4 Nf6 2.c4 e6 3.Nf3 d5 4.Bg5 Be7 5.Nc3 O-O 6.e3 h6 7.Bh4 Nbd7 8.Rc1 c6 
9.Bd3 Re8 10.O-O Qa5 11.Qc2 dxc4 12.Bxc4 Qh5 13.Bg3 a6 14.Be2 Qa5 15.e4 b5
16.e5 Nh7 17.Bd3 Nhf8 18.Ne4 Bb7 19.Nh4 Qd8 20.Nf3 Qb6 21.Nc5 Rec8 22.Nd2 
Rc7 23.Kh1 Rd8 24.Nde4 Rcc8 25.f4 f5 26.exf6 Nxf6 27.Nxf6+ Bxf6 28.f5 Bxd4
29.Nxe6 Nxe6 30.fxe6 c5 31.Bg6 Qxe6 32.Bf7+ Qxf7 33.Rxf7 Kxf7 34.Qf5+ Kg8 
35.Be5 Bxe5 36.Qxe5 Rd2 37.Rg1 Rcd8 38.h3 c4 39.Qe7 R2d7 40.Qe6+ Kh8 41.
Re1 Rd1 42.Kh2 R1d2 43.Re2 R8d6 44.Qe7 Rxe2 45.Qxe2 Rg6 46.g4 Rf6 47.Qe7 
Bc6 48.Kg3 Kh7 49.g5 hxg5 50.Kg4 Bg2 51.Qe8 Rh6 52.Kxg5 Bxh3 53.a4 bxa4 
54.Qe4+ Kh8 55.Qxc4 Bd7 56.Qc7 Bb5 57.Qd8+ Kh7 58.Qc8 Rg6+ 59.Kf5 1/2-1/2

[Event "29. Friedensfest-Open (AFRO-A)"]
[Site "Augsburg"]
[Date "2024.08.09"]
[Round "4.41"]
[White "Wietschorke, Jens"]
[Black "Kelembet, Artem"]
[Result "1-0"]
[WhiteElo "1915"]
[BlackElo "1779"]
[EventDate "2024.08.08"]
[Time "15:30:00"]
[WhiteNrv "1915"]
[BlackNrv "1779"]
[WhiteTwz "1915"]
[BlackTwz "1779"]
[WhiteFideId "16296176"]
[BlackFideId "34684727"]
[WhiteNatFedId "10242290"]
[BlackNatFedId "10828569"]
[WhiteAttr "M"]
[BlackAttr "M"]
[WhiteTeam "SK Caissa Augsburg"]
[BlackTeam "SV Jedesheim 1921"]
[PlyCount "0"]

1.e4 e6 2.Nf3 d5 3.e5 c5 4.b4 cxb4 5.d4 Nc6 6.a3 Bd7 7.axb4 Bxb4+ 8.c3 Be7
9.Bd3 Qc7 10.Na3 Nxe5 11.Nxe5 Qxc3+ 12.Bd2 Qxd4 13.Nxd7 Qxd3 14.Qa4 Qe4+ 
15.Qxe4 dxe4 16.Ne5 Rc8 17.O-O Nf6 18.Nac4 b5 19.Na5 O-O 20.Nac6 Bd6 21.
Rxa7 Bxe5 22.Nxe5 Rc5 23.Nxf7 h6 24.Bb4 Rd5 25.Bxf8 Kxf8 26.Rc1 Nd7 27.Nh8
Nb6 28.Ng6+ Ke8 29.Rxg7 b4 30.Re7+ Kd8 31.Rxe6 Rb5 32.Rxe4 b3 33.Rb1 b2 
34.Kf1 Nd5 35.Rd4 Kc7 36.Rc4+ Kd6 37.Rc2 1-0

[Event "29. Friedensfest-Open (AFRO-A)"]
[Site "Augsburg"]
[Date "2024.08.09"]
[Round "4.42"]
[White "Fuertler, Oliver"]
[Black "Zimmer, Christian"]
[Result "1-0"]
[WhiteElo "1909"]
[BlackElo "1757"]
[EventDate "2024.08.08"]
[Time "15:30:00"]
[WhiteNrv "1909"]
[BlackNrv "1757"]
[WhiteTwz "1909"]
[BlackTwz "1757"]
[WhiteFideId "1682490"]
[BlackFideId "16274423"]
[BlackNatFedId "10680572"]
[WhiteAttr "M"]
[BlackAttr "M"]
[WhiteTeam "?"]
[BlackTeam "SC Heideck-Hilpoltstein"]
[PlyCount "0"]

1.e4 c5 2.Nf3 e6 3.d4 cxd4 4.Nxd4 Nf6 5.Nc3 Nc6 6.Nxc6 bxc6 7.e5 Nd5 8.Ne4
Bb7 9.c4 Nb6 10.Bg5 Qc7 11.Nd6+ Bxd6 12.exd6 Qb8 13.c5 Nd5 14.Bc4 f6 15.
Bd2 a5 16.Qh5+ g6 17.Qh6 Kf7 18.O-O Ba6 19.b3 Qg8 20.Rfe1 Nb4 21.Bxb4 axb4
22.Bxa6 Rxa6 23.Qd2 Qa8 24.Qxb4 Rxa2 25.Rxa2 Qxa2 26.Qb7 Rd8 27.Qb4 Ra8 
28.Qb7 Qa7 29.Qxa7 Rxa7 30.Kf1 Rb7 31.Rb1 e5 32.Ke2 Ke6 33.Kd3 Kd5 34.b4 
Ra7 35.Kc3 Ra2 36.Rd1+ Ke6 37.b5 Ra5 38.Rb1 cxb5 39.Kb4 Ra8 40.Rd1 Rb8 41.
Ra1 Kd5 42.Ra7 Rd8 43.Rb7 f5 44.Kxb5 e4 45.Kb6 f4 46.Kc7 Rg8 47.c6 dxc6 
48.d7 Rg7 49.Kc8 Rg8+ 50.d8=Q+ Rxd8+ 51.Kxd8 e3 52.fxe3 fxe3 53.Rxh7 Kd4 
54.Rd7+ 1-0

[Event "29. Friedensfest-Open (AFRO-A)"]
[Site "Augsburg"]
[Date "2024.08.09"]
[Round "4.43"]
[White "Stoll, Katja"]
[Black "Oezkurt, Kaan"]
[Result "1/2-1/2"]
[WhiteElo "1899"]
[BlackElo "1701"]
[EventDate "2024.08.08"]
[Time "15:30:00"]
[WhiteNrv "1899"]
[BlackNrv "1701"]
[WhiteTwz "1899"]
[BlackTwz "1701"]
[WhiteFideId "1271730"]
[BlackFideId "34655182"]
[WhiteNatFedId "10216731"]
[BlackNatFedId "10722110"]
[WhiteAttr "W"]
[BlackAttr "M"]
[WhiteTeam "SC Weisse Dame Ulm e.V."]
[BlackTeam "SK Freising"]
[PlyCount "0"]

1.e4 e6 2.d4 d5 3.exd5 exd5 4.Bd3 Bd6 5.Nf3 Nf6 6.O-O O-O 7.c3 Bg4 8.Nbd2 
c6 9.Qc2 Nbd7 10.b3 Qc7 11.c4 h6 12.h3 Be6 13.c5 Bf4 14.Re1 a5 15.Nf1 Bxc1
16.Raxc1 Rfe8 17.Ng3 Qf4 18.Bf5 Bxf5 19.Qxf5 Qxf5 20.Nxf5 Ne4 21.Nd6 Nxd6 
22.cxd6 Rad8 23.Ne5 Nf6 24.Rc5 Rxd6 25.Rxa5 Nd7 26.Ra7 f6 27.Nf3 Rxe1+ 28.
Nxe1 c5 29.Rxb7 cxd4 30.Rb4 Re6 31.Kf1 Re4 32.f3 Rh4 33.g4 Rxh3 34.Kg2 Rh4
35.Rxd4 h5 36.a4 hxg4 37.Rxg4 Rxg4+ 38.fxg4 Kf7 39.Nd3 Ke6 40.b4 Kd6 41.
Nf4 d4 42.Nh5 g6 43.Nf4 g5 44.Nh5 Kd5 45.a5 1/2-1/2

[Event "29. Friedensfest-Open (AFRO-A)"]
[Site "Augsburg"]
[Date "2024.08.09"]
[Round "4.44"]
[White "Mittermaier, Johann"]
[Black "Sadighi, Armin"]
[Result "1-0"]
[WhiteElo "1898"]
[BlackElo "1737"]
[EventDate "2024.08.08"]
[Time "15:30:00"]
[WhiteNrv "1898"]
[BlackNrv "1737"]
[WhiteTwz "1898"]
[BlackTwz "1737"]
[WhiteFideId "16208382"]
[BlackFideId "16279956"]
[WhiteNatFedId "10144722"]
[BlackNatFedId "10806328"]
[WhiteAttr "M"]
[BlackAttr "M"]
[WhiteTeam "SV Deggendorf"]
[BlackTeam "MSA Zugzwang 82 e.V."]
[PlyCount "0"]

1.e4 e6 2.d4 d5 3.Nc3 Nf6 4.e5 Ng8 5.Nce2 Bd7 6.f4 Nh6 7.Nf3 c5 8.c3 Nc6 
9.a3 a5 10.Ng3 Qb6 11.Be2 a4 12.O-O Na5 13.Kh1 Bb5 14.f5 Bxe2 15.Qxe2 Nb3 
16.dxc5 Bxc5 17.Rb1 Nxc1 18.Rbxc1 exf5 19.Qd3 g6 20.h3 f4 21.Ne2 Be3 22.
Rc2 Qe6 23.Qb5+ Qc6 24.Qb4 Nf5 25.Kh2 Bc5 26.Qxf4 Qd7 27.Nfd4 Nd6 28.Qf6 
Rf8 29.exd6 Bxd6+ 30.Kh1 Be7 31.Qb6 Ra6 32.Qb5 f5 33.Qxd7+ Kxd7 34.Nf4 g5 
35.Nxd5 g4 36.Nxe7 gxh3 37.Nexf5 hxg2+ 38.Rxg2 1-0

[Event "29. Friedensfest-Open (AFRO-A)"]
[Site "Augsburg"]
[Date "2024.08.09"]
[Round "4.45"]
[White "Retzlaff, Kian"]
[Black "Moradi, Yasamin"]
[Result "1-0"]
[WhiteElo "1890"]
[BlackElo "1642"]
[EventDate "2024.08.08"]
[Time "15:30:00"]
[WhiteNrv "1890"]
[BlackNrv "1642"]
[WhiteTwz "1890"]
[BlackTwz "1642"]
[WhiteFideId "34606700"]
[BlackFideId "34646795"]
[WhiteNatFedId "10742727"]
[WhiteAttr "M"]
[BlackAttr "*"]
[WhiteTeam "SF 59 Kornwestheim"]
[BlackTeam "?"]
[PlyCount "0"]

1.e4 e5 2.Nf3 Nc6 3.Bc4 Nf6 4.d3 Bc5 5.Bg5 h6 6.Bh4 Be7 7.O-O d6 8.c3 Bd7 
9.a4 O-O 10.a5 a6 11.Nbd2 Be6 12.Re1 Nd7 13.Bxe7 Qxe7 14.d4 Bg4 15.h3 Bh5 
16.d5 Ncb8 17.Nf1 Nf6 18.Ng3 Bg6 19.Nh4 Nbd7 20.Ngf5 Qd8 21.b4 Nh5 22.g3 
Qg5 23.Kh2 Bxf5 24.Nxf5 Nhf6 25.Qc2 Rfe8 26.Be2 Nf8 27.c4 Qg6 28.c5 N6h7 
29.c6 bxc6 30.Qxc6 Ng5 31.Qxc7 Nxe4 32.Ne7+ Rxe7 33.Qxe7 Qf5 34.f4 Ng6 35.
Qb7 Rf8 36.Bg4 Qf6 37.Rxe4 exf4 38.Rae1 fxg3+ 39.Kxg3 Qh4+ 40.Kf3 Ne5+ 41.
Rxe5 dxe5 42.Rxe5 Qf6+ 43.Rf5 Qc3+ 44.Kg2 Qc2+ 45.Rf2 Qe4+ 46.Bf3 Qg6+ 47.
Kh2 Qd6+ 48.Kg1 Rb8 49.Qc6 Qg3+ 50.Bg2 Rxb4 51.Qe8+ Kh7 52.Qxf7 Rb1+ 53.
Rf1 Qe3+ 54.Kh1 Qd3 55.Kh2 Rb2 56.Qf5+ Qxf5 57.Rxf5 Kg6 58.Re5 Rf2 59.d6 
Kf6 60.d7 Rd2 61.Rd5 Rxd5 62.Bxd5 Ke7 63.Bc6 g5 64.Kg3 h5 65.h4 gxh4+ 66.
Kxh4 Kd8 67.Kxh5 Ke7 68.Kg5 Kd8 69.Kf6 Kc7 70.Ke7 Kxc6 71.d8=Q Kb5 72.Qb6+
Ka4 73.Kd6 Ka3 74.Kc5 Ka2 75.Kc4 Ka1 76.Kc3 Ka2 77.Qb2# 1-0

[Event "29. Friedensfest-Open (AFRO-A)"]
[Site "Augsburg"]
[Date "2024.08.09"]
[Round "4.47"]
[White "Schaefer, Ann-Kathrin"]
[Black "Gleiser, Maximilian"]
[Result "1-0"]
[WhiteElo "1779"]
[BlackElo "1854"]
[EventDate "2024.08.08"]
[Time "15:30:00"]
[WhiteNrv "1779"]
[BlackNrv "1854"]
[WhiteTwz "1779"]
[BlackTwz "1854"]
[WhiteFideId "24615412"]
[BlackFideId "533001596"]
[WhiteNatFedId "10186026"]
[WhiteAttr "W"]
[BlackAttr "M"]
[WhiteTeam "SC JAeKLECHEMIE Talente Franken e"]
[BlackTeam "?"]
[PlyCount "0"]

1.d4 d5 2.Nf3 Nf6 3.e3 e6 4.Bd3 Nbd7 5.O-O Bd6 6.Nbd2 e5 7.e4 dxe4 8.Nxe4 
Nxe4 9.Bxe4 exd4 10.Qxd4 Qf6 11.Qd5 h6 12.Be3 Nb6 13.Qh5 g6 14.Qa5 Qe7 15.
Rfe1 Bb4 16.Bc6+ Kf8 17.Qb5 a6 18.Qd3 Bxe1 19.Rxe1 bxc6 20.Bxh6+ Rxh6 21.
Rxe7 Kxe7 22.Qe3+ Be6 23.Qxh6 Rd8 24.h3 Rd5 25.Qh4+ Kd7 26.Qf4 Rf5 27.Ne5+
Ke8 28.Qd4 Bd5 29.c4 f6 30.Nxg6 Nxc4 31.Qc5 Nd6 32.Qe3+ Kf7 33.Nf4 Bxa2 
34.b3 Re5 35.Qd3 Re1+ 36.Kh2 Bb1 37.Qxa6 Re4 38.Ne2 c5 39.Nc3 Re1 40.Qa1 
c4 41.bxc4 Nxc4 42.Nxb1 Nd2 43.Qa2+ 1-0

[Event "29. Friedensfest-Open (AFRO-A)"]
[Site "Augsburg"]
[Date "2024.08.09"]
[Round "4.48"]
[White "Holuba, Stefan"]
[Black "Sitzler, Matthias"]
[Result "1-0"]
[WhiteElo "1692"]
[BlackElo "1838"]
[EventDate "2024.08.08"]
[Time "15:30:00"]
[WhiteNrv "1692"]
[BlackNrv "1838"]
[WhiteTwz "1692"]
[BlackTwz "1838"]
[WhiteFideId "34667520"]
[BlackFideId "12981079"]
[WhiteNatFedId "10088445"]
[WhiteAttr "M"]
[BlackAttr "M"]
[WhiteTeam "SK Caissa Augsburg"]
[BlackTeam "vereinslos"]
[PlyCount "0"]

1.e4 e6 2.d4 d5 3.Nc3 Nf6 4.Bg5 h6 5.Bxf6 Qxf6 6.e5 Qd8 7.f4 c5 8.Nf3 Nc6 
9.Bd3 cxd4 10.Ne2 Bb4+ 11.Kf2 Qb6 12.Rf1 Bc5 13.a3 Qxb2 14.Kg1 Bd7 15.Rb1 
Qxa3 16.Rxb7 Bb6 17.f5 O-O-O 18.Rxb6 axb6 19.Nexd4 Nxd4 20.Nxd4 Rhf8 21.
Qd2 Qc5 22.Kh1 Kc7 23.Nb3 Qc6 24.Nd4 Qa4 25.Qc3+ Kb7 26.Ra1 Qxa1+ 27.Qxa1 
Ra8 28.Qb2 Ra5 29.Nb3 Ra4 1-0

[Event "29. Friedensfest-Open (AFRO-A)"]
[Site "Augsburg"]
[Date "2024.08.09"]
[Round "4.49"]
[White "Ranganathan, Aadith"]
[Black "Retzlaff, Nick"]
[Result "0-1"]
[WhiteElo "1666"]
[BlackElo "1823"]
[EventDate "2024.08.08"]
[Time "15:30:00"]
[WhiteNrv "1666"]
[BlackNrv "1823"]
[WhiteTwz "1666"]
[BlackTwz "1823"]
[WhiteFideId "34667121"]
[BlackFideId "34610367"]
[WhiteNatFedId "10806334"]
[BlackNatFedId "10742725"]
[WhiteAttr "M"]
[BlackAttr "M"]
[WhiteTeam "SC Unterhaching e.V."]
[BlackTeam "SF 59 Kornwestheim"]
[PlyCount "0"]

1.e4 c5 2.Nc3 Nc6 3.Nge2 e6 4.d3 Nf6 5.g3 d5 6.exd5 exd5 7.Bg2 Be7 8.O-O 
O-O 9.d4 Be6 10.Bg5 cxd4 11.Nxd4 Nxd4 12.Qxd4 h6 13.Bf4 Qa5 14.Be3 Rfd8 
15.f4 Ng4 16.Ne2 b6 17.Bd2 Qa6 18.Qd3 Bc5+ 19.Kh1 Nf2+ 20.Rxf2 Qxd3 21.
cxd3 Bxf2 22.d4 Bg4 23.Rf1 Bxe2 24.Rxf2 Bb5 25.Bc3 Rac8 26.Bh3 Rc7 27.Bg2 
Bc4 28.a3 Re8 29.h3 Rce7 30.Bf3 a5 31.g4 Re3 32.Kg2 Rd8 33.f5 Bd3 34.Bd2 
Ree8 35.f6 Be4 36.g5 Bxf3+ 37.Kxf3 Rd6 38.fxg7 hxg5 39.Bxg5 Kxg7 40.Rg2 
Rg6 41.Rg4 f6 42.Be3 Rxg4 43.hxg4 Rc8 44.Bd2 Kg6 45.Bc3 Re8 46.Kf4 Re4+ 
47.Kg3 f5 48.gxf5+ Kxf5 49.Kf3 Ke6 50.Kf2 Kd6 51.b4 axb4 52.Bxb4+ Kc6 53.
Bc3 Kb5 54.Bb2 Kc4 55.Bc1 Rxd4 56.Ke3 Rd1 57.Bd2 Rxd2 58.Kxd2 Kb3 59.Kd3 
Kxa3 60.Kd4 b5 61.Kxd5 b4 62.Kc6 b3 63.Kb7 b2 64.Ka8 b1=Q 65.Ka7 Qb5 66.
Ka8 Kb4 67.Ka7 Kc5 68.Ka8 Kc6 69.Ka7 Qb7# 0-1

[Event "29. Friedensfest-Open (AFRO-A)"]
[Site "Augsburg"]
[Date "2024.08.09"]
[Round "4.51"]
[White "Nezosi, Christophe"]
[Black "Medvedev, Michael"]
[Result "0-1"]
[WhiteElo "1619"]
[BlackElo "1759"]
[EventDate "2024.08.08"]
[Time "15:30:00"]
[WhiteNrv "1619"]
[BlackNrv "1759"]
[WhiteTwz "1619"]
[BlackTwz "1759"]
[WhiteFideId "36067164"]
[BlackFideId "34650792"]
[BlackNatFedId "10691830"]
[WhiteAttr "M"]
[BlackAttr "M"]
[WhiteTeam "Vandeuvre Échecs"]
[BlackTeam "SK Rochade Augsburg"]
[PlyCount "0"]

1.e4 e5 2.Nf3 Nc6 3.d4 exd4 4.Nxd4 Nf6 5.Nxc6 bxc6 6.Bg5 Be7 7.Nc3 O-O 8.
e5 Nd5 9.Bxe7 Nxe7 10.Bd3 Re8 11.O-O d6 12.f4 Bf5 13.Qf3 Bxd3 14.cxd3 Rb8 
15.Rf2 Ng6 16.d4 dxe5 17.dxe5 Rb4 18.g3 Nf8 19.Qxc6 Rd4 20.Qf3 Rd3 21.Rd1 
Rxf3 22.Rxd8 Rxg3+ 23.hxg3 Rxd8 24.Nb5 Ne6 25.Nxa7 Ra8 26.Nb5 Rxa2 27.f5 
Ng5 28.Kg2 Ra5 29.Rd2 h5 30.Nxc7 Rxe5 31.Rf2 Rc5 32.Na6 Rb5 33.Nc7 Rb3 34.
Re2 Kh7 35.Nd5 Kh6 36.Ne3 g6 37.fxg6 fxg6 38.Nc4 Rb4 39.Ne3 Nf7 40.Kf2 Ne5
41.Nd5 Rxb2 42.Rxb2 Nd3+ 43.Kg2 Nxb2 44.Ne3 Nd3 45.Kf3 Kg5 46.Ng2 Ne5+ 47.
Ke4 Ng4 48.Kf3 Nh2+ 49.Kf2 Kg4 50.Ne3+ Kh3 51.Nd5 g5 52.Nf6 Ng4+ 53.Nxg4 
hxg4 54.Kf1 Kxg3 55.Kg1 Kh3 56.Kh1 g3 57.Kg1 g2 0-1

[Event "29. Friedensfest-Open (AFRO-A)"]
[Site "Augsburg"]
[Date "2024.08.10"]
[Round "5.1"]
[White "Poetsch, Hagen"]
[Black "Litzka, Richard"]
[Result "1-0"]
[WhiteElo "2453"]
[BlackElo "2119"]
[EventDate "2024.08.08"]
[Time "09:30:00"]
[WhiteNrv "2453"]
[BlackNrv "2119"]
[WhiteTwz "2453"]
[BlackTwz "2119"]
[WhiteTitle "GM"]
[WhiteFideId "24615137"]
[BlackFideId "12971731"]
[WhiteNatFedId "10165992"]
[BlackNatFedId "10261519"]
[WhiteAttr "M"]
[BlackAttr "M"]
[WhiteTeam "SC Heusenstamm"]
[BlackTeam "FC Bayern Muenchen e.V."]
[PlyCount "0"]

1.e4 c5 2.Nf3 e6 3.b3 Nc6 4.Bb2 a6 5.g3 b5 6.Bg2 Bb7 7.O-O Qc7 8.Re1 d6 9.
c3 Nf6 10.d4 cxd4 11.cxd4 d5 12.exd5 Nxd5 13.Nc3 Ncb4 14.Rc1 Qb6 15.Qd2 
Nxc3 16.Bxc3 Nd5 17.Ba5 Qxa5 18.Qxa5 Bb4 19.Qxb4 Nxb4 20.Rc7 Rb8 21.Ne5 
Bxg2 22.Kxg2 O-O 23.Nd7 Rbc8 24.Rec1 Rxc7 25.Rxc7 Rd8 26.a3 Nd5 27.Ra7 h6 
28.Ne5 Rc8 29.Rxa6 b4 30.axb4 Nxb4 31.Rb6 Na2 32.b4 f6 33.Nc6 Kf8 34.b5 
Nc3 35.Na7 Rd8 36.Rc6 Na4 37.b6 Rd7 38.Nc8 Rb7 39.Rc7 Rxb6 40.Nxb6 Nxb6 
41.Rc6 1-0